• 首页
  • 本馆介绍
  • 公告通知
  • 最新文献
  • 馆藏检索
  • 电子资源
  • 读者导购
  • 参考咨询
  • 我的图书馆
  • 登录
  • 详细信息显示
  • 放入我的书架
  • 预约/预借图书
  • 作者相关作品
  • 分类相关作品
  • 丛书相关作品
  • 出版社相关作品

书目信息

  • 表格格式
  • 工作单格式
  • 卡片格式
题名:
南北风味小吃
    
 
作者: 文懿 编著
分册:  
出版信息: 北京   团结出版社  2014
页数: 166页
开本: 23cm
丛书名:
单 册:
中图分类: TS972.142 , TS972.1
科图分类:
主题词: 风味小吃--食谱--中国 , 风味小吃 , 食谱
电子资源:
ISBN: 978-7-5126-2315-6
000 00853nam0 2200277 450
001 2353928039
005 20231117161909.68
010    @a978-7-5126-2315-6@dCNY45.00
090    @aTS972.1@bwy
100    @a20140429d2014 em y0chiy50 ea
101 0  @achi
102    @aCN@b110000
105    @aa z 000yy
200 1  @a南北风味小吃@Anan bei feng wei xiao chi@f文懿编著
210    @a北京@c团结出版社@d2014
215    @a166页@c彩照@d23cm
300    @a健康美食厨房
330    @a本书通过大量搜集各地民间资料,共收录了南北八大地区的地方特色小吃,并配以营养分析、色香味点评等现代品食元素,不同的地域饮食文化,不同的小吃做法。
606 0  @a风味小吃@x食谱@y中国
606 0  @a风味小吃
606 0  @a食谱
690    @aTS972.142@v5
690    @aTS972.1@v4
701  0 @a文懿@Awen yi@4编著
801  0 @aCN@bNLC@c20140429
905    @aZUCC@dTS972.1@e276
    
    南北风味小吃/文懿编著.-北京:团结出版社,2014
    166页:彩照;23cm
    健康美食厨房
    
    ISBN 978-7-5126-2315-6:CNY45.00
    本书通过大量搜集各地民间资料,共收录了南北八大地区的地方特色小吃,并配以营养分析、色香味点评等现代品食元素,不同的地域饮食文化,不同的小吃做法。
●
相关链接 在五车中查询图书 在当当中查询图书 在豆瓣中查询图书


正题名:南北风味小吃     索取号:TS972.1/276         预约/预借

序号 登录号 条形码 馆藏地/架位号 状态 备注
1 2001002599   2001002599   第四书库/四28架A面5层2列/ [索取号:TS972.1/276] 在馆    
2 2001002600   2001002600   第四书库/四28架A面5层2列/ [索取号:TS972.1/276] 在馆    
3 2001002601   2001002601   第四书库/四28架A面5层2列/ [索取号:TS972.1/276] 在馆    
4 2001002602   2001002602   第四书库/四28架A面5层2列/ [索取号:TS972.1/276] 在馆    
5 2001002603   2001002603   第四书库/四28架A面5层2列/ [索取号:TS972.1/276] 在馆    
6 2001002604   2001002604   第四书库/四28架A面5层2列/ [索取号:TS972.1/276] 在馆    
山东省滨州职业学院图书馆 欢迎您!
大连网信软件有限公司© 版权所有